00878cam a22002291 4500001001300000003000400013005001700017008004100034010001700075035001900092040005600111042001200167050002000179110004300199245014300242260002500385300005000410490008600460500005700546650002800603999001700631e 30000034 DLC20260227111219.0760719s1929 txub s000 0 eng c ae 30000034  a(OCoLC)2320043 aLibrary, U.S. Office of EducationcTxDWdOCoLCdDLC apremarc00aLA370b.A5 19291 aTexas.bState Department of Education.10aTexas municipal junior colleges.cJ.R. Reid, chairman State board of examiners. S.M.N. Marrs, state superintendent of public instruction. aAustin, Tex.c[1929] a93 p.bincl. tables, diagrs. 2 maps.c23 cm.0 aBulletin, State department of education ...vno. 255. vol. V, no. 5. June, 1929 aAt head of title: ... State department of education. 0aJunior collegeszTexas. c21011d21011